Selected speeches and writtings : (Record no. 136013)
[ view plain ]
| 000 -LEADER | |
|---|---|
| fixed length control field | 00724nam a22002177a 4500 |
| 005 - DATE AND TIME OF LATEST TRANSACTION | |
| control field | 20170124110253.0 |
| 010 ## - LIBRARY OF CONGRESS CONTROL NUMBER | |
| LC control number | A-609195 |
| 020 ## - INTERNATIONAL STANDARD BOOK NUMBER | |
| Terms of availability | 150.00 |
| 035 ## - SYSTEM CONTROL NUMBER | |
| System control number | A-609195 |
| 037 ## - SOURCE OF ACQUISITION | |
| Source of stock number/acquisition | Cen Lib/Ret |
| 040 ## - CATALOGING SOURCE | |
| Original cataloging agency | DPL |
| Language of cataloging | EN |
| 082 ## - DEWEY DECIMAL CLASSIFICATION NUMBER | |
| Classification number | 080 |
| Item number | IND |
| 110 ## - MAIN ENTRY--CORPORATE NAME | |
| Subordinate unit | India. Ministry of Information an Broadcasting |
| 9 (RLIN) | 100085 |
| 245 ## - TITLE STATEMENT | |
| Title | Selected speeches and writtings : |
| Remainder of title | V.P. Singh (Prime Minister, 1989-90) / |
| 260 ## - PUBLICATION, DISTRIBUTION, ETC. (IMPRINT) | |
| Place of publication, distribution, etc | New Delhi |
| Date of publication, distribution, etc | 1993 |
| Name of publisher, distributor, etc | Publication Division, Ministry of Information an Broadcasting |
| 270 ## - ADDRESS | |
| City | New Delhi |
| Address | patiyala house |
| Postal code | 110001 |
| 300 ## - PHYSICAL DESCRIPTION | |
| Extent | 329p. |
| Dimensions | 21cm(Hb) |
| 650 ## - SUBJECT ADDED ENTRY--TOPICAL TERM | |
| Topical term or geographic name as entry element | National affairs |
| 9 (RLIN) | 100086 |
| 650 ## - SUBJECT ADDED ENTRY--TOPICAL TERM | |
| Topical term or geographic name as entry element | Speeches of V.P. Singh |
| 9 (RLIN) | 100087 |
| 942 ## - ADDED ENTRY ELEMENTS (KOHA) | |
| Source of classification or shelving scheme | Dewey Decimal Classification |
| Koha item type | English Books |
| Classification part | 080 |
| Call number suffix | IND |
| Withdrawn status | Lost status | Damaged status | Not for loan | Home library | Current library | Date acquired | Source of acquisition | Cost, normal purchase price | Total Checkouts | Full call number | Barcode | Date last seen | Copy number | Cost, replacement price | Price effective from | Koha item type |
|---|---|---|---|---|---|---|---|---|---|---|---|---|---|---|---|---|
| Central Library | Central Library | 12/10/2015 | Cen Lib/Ret | 0.00 | 080 IND | A-609195 | 12/10/2015 | 1 | 0.00 | 12/10/2015 | English Books |
